000
00266nam a2200097Ia 4500
082
_a
ZUL J OXFO
245
0
_a
Ufishi onomlingo
100
_a
Oxford, Margie Auckland Park, South Africa, 2011
_9
54137
942
_c
BK
008
210817s9999 xx 000 0 und d
999
_c
171396
_d
171395